<?xml version="1.0" encoding="UTF-8"?>
<collection xmlns="http://www.loc.gov/MARC21/slim">
  <record>
    <leader>00000nam  2200000   4500</leader>
    <controlfield tag="001">INLIS000000000019101</controlfield>
    <controlfield tag="005">20250205124316</controlfield>
    <datafield tag="035" ind1="#" ind2="#">
      <subfield code="a">0010-0225000058</subfield>
    </datafield>
    <controlfield tag="007">ta</controlfield>
    <controlfield tag="008">250205################g##########0#ind##</controlfield>
    <datafield tag="020" ind1="#" ind2="#">
      <subfield code="a">979 412 007 3</subfield>
    </datafield>
    <datafield tag="082" ind1="#" ind2="#">
      <subfield code="a">959.803 5</subfield>
    </datafield>
    <datafield tag="084" ind1="#" ind2="#">
      <subfield code="a">959.803 5 TOB p</subfield>
    </datafield>
    <datafield tag="100" ind1=" " ind2="#">
      <subfield code="a">Tobing, K.M.L.</subfield>
    </datafield>
    <datafield tag="245" ind1="1" ind2="#">
      <subfield code="a">Perjuangan Politik Bangsa Indonesia :</subfield>
      <subfield code="b">Renville /</subfield>
      <subfield code="c">K.M.L. Tobing</subfield>
    </datafield>
    <datafield tag="250" ind1="#" ind2="#">
      <subfield code="a">Cetakan ke 1</subfield>
    </datafield>
    <datafield tag="260" ind1="#" ind2="#">
      <subfield code="a">Jakarta :</subfield>
      <subfield code="b">Gunung Agung,</subfield>
      <subfield code="c">1986</subfield>
    </datafield>
    <datafield tag="300" ind1="#" ind2="#">
      <subfield code="a">x, 21 halaman :</subfield>
      <subfield code="b">ilus ;</subfield>
      <subfield code="c">21 cm</subfield>
    </datafield>
    <datafield tag="520" ind1="#" ind2="#">
      <subfield code="a">Tanggal 21 Juli 1947 tentara Belanda melancarkan agresinya terhadap RI karena gagal memaksakan kehendaknya. Persetujuan Linggarjati mereka langgar. Harapan mereka untuk menguasai daerah Republik, tidak tercapai. Bukan saja seluruh Rakyat Indonesia melakukan perlawanan, bahkan hampir seluruh rakyat di dunia mengumandangkan suara protesnya.&#13;
Dewan Keamanan PBB menyidangkan masalah serangan Belanda tersebut dan dunia makin banyak mengakui keberadaan Republik Indonesia. Belanda "dipaksa" mengadakan perundingan dengan RI. Setelah melalui berbagai "tingkah laku" Belanda, akhirnya ditandatanganilah sebuah persetujuan di atas kapal Renville.&#13;
Bagaimana liku-liku diplomasi dari kedua belah pihak menjelang tercapainya persetujuan itu, dan bagaimana nasib Persetujuan Renville itu akhirnya, diungkapkan dalam buku ini.</subfield>
    </datafield>
    <datafield tag="990" ind1="#" ind2="#">
      <subfield code="a">22557</subfield>
    </datafield>
  </record>
</collection>
